000
00277nam a22001217a 4500
020
_a
978-0-7515-3657-7
082
_a
823
_b
SPA/A
100
_a
SPARKS,NICHOLAS
245
_a
AT FIRST SIGHT
260
_a
AMERICA
_b
THE WARNER BOOKS
650
_a
ENGLISH NOVEL
_z
AMERICA
942
_c
BK
999
_c
3298
_d
3298